000 00639nam a2200205 i 4500
001 96105
003 ES-MaACL
005 20230906181836.0
007 t|
008 050610s1947 ag ||||1| spa d
100 1 _aMadariaga, Salvador de,
_d1886-1978
_975292
245 1 0 _aGuía del lector del "Quijote"
_b: ensayo psicológico sobre El Quijote /
_cSalvador de Madariaga.
250 _a[3ª ed.].
260 _aBuenos Aires :
_bEditorial Sudamericana,
_c1947.
300 _a231 p. ;
_c17 cm.
490 1 _aEnsayos breves
830 0 _aEnsayos breves
_9184041
852 _aES-MaACL
_jE-1206
_bR.27237
999 _c96105
_d96105